Buddhism in Asia : (Record no. 146862)

MARC details
000 -LEADER
fixed length control field 00716nam a22002177a 4500
005 - DATE AND TIME OF LATEST TRANSACTION
control field 20171030140938.0
010 ## - LCCN (DPL NO)
LC control number ENG-120943
020 ## - INTERNATIONAL STANDARD BOOK NUMBER
Terms of availability 495.00
International Standard Book Number 9788175416406
035 ## - SYSTEM CONTROL NUMBER
System control number EN-104475
037 ## - SOURCE OF ACQUISITION
Source of stock number/acquisition DBAD/PUB
082 ## - DEWEY DECIMAL CLASSIFICATION NUMBER
Classification number 230.3095
245 ## - TITLE STATEMENT
Title Buddhism in Asia :
Statement of responsibility, etc edited by Suchandana Chatterjee, Anita Sengupta [and] Susmita Bhattacharya
Remainder of title traditions and imagerises /
260 ## - PUBLICATION, DISTRIBUTION, ETC. (IMPRINT)
Place of publication, distribution, etc Delhi
Name of publisher, distributor, etc Shipra
Date of publication, distribution, etc 2012
270 ## - ADDRESS
Address H. O. LG 18-19,Pankaj Central Market, Patparganj
City Delhi
Postal code 110092
300 ## - PHYSICAL DESCRIPTION
Extent x,152p.
Dimensions 23cm(Hb)
500 ## - GENERAL NOTE
General note Includes index
700 ## - ADDED ENTRY--PERSONAL NAME
Personal name Suchandana Chatterjee
700 ## - ADDED ENTRY--PERSONAL NAME
Personal name Anuta Sengupta
700 ## - ADDED ENTRY--PERSONAL NAME
Personal name Susmita Bhattachrya
942 ## - ADDED ENTRY ELEMENTS (KOHA)
Source of classification or shelving scheme Dewey Decimal Classification
Item type English Books
Classification part 230.3095
Call number suffix BUD
Holdings
Withdrawn status Lost status Not for loan Collection code Home library Current library Date acquired Source of acquisition Cost, normal purchase price Full call number Barcode Copy number Cost, replacement price Koha item type
    Not For Loan Non-fiction D.B.Act.Division Bawana 26/10/2017 DBAD/PUB 495.00 230.3095 BUD EN-104475 1 495.00 English Books

© Delhi Public Library
Hit Counter
free hit counter